| 000 | 00584nam a2200205Ia 4500 | ||
|---|---|---|---|
| 003 | OSt | ||
| 005 | 20240612151449.0 | ||
| 008 | 210707s1983 xx 000 0 und d | ||
| 040 | _cAL | ||
| 041 | _aKannada | ||
| 082 | _aK894.1 GOPA | ||
| 100 |
_aGOPALAKRASHNA ADIGA (M) _9132111 _dಗೋಪಾಲಕೃಷ್ಣ ಅಡಿಗ (ಎಂ) |
||
| 245 |
_aAyda kavanagalu. _bಆಯ್ದ ಕವನಗಳು |
||
| 260 |
_aBengaluru _bVishva Kannada Sammelana _c1983 |
||
| 300 | _aviii,212 p | ||
| 365 |
_b2 _cINR |
||
| 563 | _aPB | ||
| 650 |
_aKannada Poetry _9132112 |
||
| 942 |
_2ddc _cBK |
||
| 999 |
_c180116 _d180116 |
||